Study Abroad (Record no. 97904)

MARC details
000 -LEADER
fixed length control field 00753nam a2200253 a 4500
008 - FIXED-LENGTH DATA ELEMENTS--GENERAL INFORMATION
fixed length control field
020 ## - INTERNATIONAL STANDARD BOOK NUMBER
International Standard Book Number 9789230028510 (paperback)
040 ## - CATALOGING SOURCE
Original cataloging agency NUST
Transcribing agency NUST
090 ## - LOCALLY ASSIGNED LC-TYPE CALL NUMBER (OCLC); LOCAL CALL NUMBER (RLIN)
Classification number (OCLC) (R) ; Classification number, CALL (RLIN) (NR) REF L101
Local cutter number (OCLC) ; Book number/undivided call number, CALL (RLIN) STU
003 - CONTROL NUMBER IDENTIFIER
control field
005 - DATE AND TIME OF LATEST TRANSACTION
control field 20230120144509.0
049 ## - LOCAL HOLDINGS (OCLC)
Holding library MAIN
245 10 - TITLE STATEMENT
Title Study Abroad
Remainder of title etudes a' letranger, estudios en el extranjero
260 ## - PUBLICATION, DISTRIBUTION, ETC.
Place of publication, distribution, etc. United Kingdom :
Name of publisher, distributor, etc. United Nations,
Date of publication, distribution, etc. 1993
300 ## - PHYSICAL DESCRIPTION
Extent xiv, 1314 pages ;
Dimensions 23 cm
336 ## - CONTENT TYPE
Content type term text
Content type code n
Source rdacontent
337 ## - MEDIA TYPE
Media type term unmediated
Media type code n
Source rdamedia
338 ## - CARRIER TYPE
Carrier type term volume
Carrier type code nc
Source rdacarrier
500 ## - GENERAL NOTE
General note Includes index.
650 ## - SUBJECT ADDED ENTRY--TOPICAL TERM
Topical term or geographic name entry element Courses.
650 #1 - SUBJECT ADDED ENTRY--TOPICAL TERM
Topical term or geographic name entry element International Schorlaships.
907 ## - LOCAL DATA ELEMENT G, LDG (RLIN)
a .b10419378
b 28-06-22
c 28-06-22
942 ## - ADDED ENTRY ELEMENTS (KOHA)
Koha item type Ordinary Loan Books
Call number prefix REF L101
Call number suffix STU
Holdings
Date last seen Total Checkouts Full call number Barcode Cost, replacement price Price effective from Koha item type Lost status Source of classification or shelving scheme Damaged status Not for loan Collection Withdrawn status Home library Current library Shelving location Date acquired Cost, normal purchase price
01/20/2023   REF L101 STU 92003021155 80.00 01/20/2023 BOOKS   LCC     NFIC   MAIN MAIN GEN 01/20/2023 80.00